Chatarrín en el mundo : (Registro nro. 32458)
[ vista simple ]
| 000 -CABECERA | |
|---|---|
| campo fijo de control de longitud | 00786nam a22002537a 4500 |
| 001 - NÚMERO DE CONTROL | |
| campo de control | 32458 |
| 003 - IDENTIFICADOR DEL NÚMERO DE CONTROL | |
| campo de control | AR-RoBPED |
| 005 - FECHA Y HORADE LA ULTIMA TRANSACCION | |
| campo de control | 20260325121312.0 |
| 007 - | |
| campo fijo de control de longitud | ta |
| 008 - ELEMENTOS DE LONGITUD FIJA--INFORMACION GENERAL | |
| campo fijo de control de longitud | 260325s1989 ag a|||br 00| 0|spa d |
| 020 ## - ISBN | |
| ISBN | 9500103648 |
| 040 ## - FUENTE CATALOGADORA | |
| Centro catalogador/agencia de origen | AR-RoBPED |
| 041 ## - IDIOMA | |
| Código de idioma para texto/pista de sonido o título independiente | spa |
| 245 00 - TITULO | |
| Título | Chatarrín en el mundo : |
| Subtítulo | libro de lectura para segundo grado / |
| Mención de responsabilidad | Rosa Ana Nuñez de Marín ... [et al.]. |
| 260 ## - PUBLICACION | |
| Lugar | Buenos Aires : |
| Editor | Estrada, |
| Fecha | 1989. |
| 300 ## - DESCRIPCION FISICA | |
| Extensión | 75 p. : |
| Otros detalles físicos | il. |
| 505 ## - NOTA DE CONTENIDO | |
| Contenido | Ilustra Rosa Ana Núñez de Marín |
| 650 #4 - TERMINO DE MATERIA--CONTROLADO | |
| Término controlado | LIBROS DE LECTURA |
| 9 (RLIN) | 15325 |
| Término controlado | SEGUNDO GRADO |
| 9 (RLIN) | 1622 |
| Término controlado | ARCHIVO INFANTIL |
| 9 (RLIN) | 24464 |
| 700 1# - ENCABEZAMIENTO SECUNDARIO--AUTOR PERSONAL | |
| Nombre de persona | Nuñez de Marín, Rosa Ana |
| 9 (RLIN) | 16889 |
| 942 ## - ELEMENTOS KOHA | |
| Koha tipo de ítem | Libro |
| Fuente de clasificación | Universal Decimal Classification |
| Número Koha | K 32458 |
| Clasificación | 372.4 |
| Pre signatura | IA |
| Signatura librística | N 94 c 2 |
| Inventario | Inv. 42315 |
| 945 ## - PROCESAMIENTO DE LA INFORMACIÓN LOCAL | |
| Catalogador y fecha | cd 25/03/2026 - |
| Estado retirado | Estado perdido | Fuente de clasificación | Estado dañado | No se presta | Biblioteca propietaria | Biblioteca de reserva | Fecha de adquisición | Procedencia | Total de préstamos | Signatura topográfica completa | Código de barras (nº de inventario) | Fecha visto por última vez | Catalogador y fecha | Tipo de ítem Koha | Nota pública |
|---|---|---|---|---|---|---|---|---|---|---|---|---|---|---|---|
| Universal Decimal Classification | No se presta | Biblioteca Pedagógica Eudoro Díaz | Biblioteca Pedagógica Eudoro Díaz | 25/03/2026 | donación | IA 372.4 N 94 c2 | 42315 | 25/03/2026 | cd 25/03/2026 | Libro | No se presta a domicilio. |